Srimad Bhagavad Gita: (Record no. 214001)
[ view plain ]
| 000 -LEADER | |
|---|---|
| fixed length control field | 00635nam a22001937a 4500 |
| 005 - DATE AND TIME OF LATEST TRANSACTION | |
| control field | 20260102122329.0 |
| 010 ## - LCCN (DPL NO) | |
| LC control number | ENG-147394-395 |
| 020 ## - INTERNATIONAL STANDARD BOOK NUMBER | |
| Terms of availability | 1000.00 |
| 035 ## - SYSTEM CONTROL NUMBER | |
| System control number | EN-130926-927 |
| 037 ## - SOURCE OF ACQUISITION | |
| Source of stock number/acquisition | DBAD |
| 082 ## - DEWEY DECIMAL CLASSIFICATION NUMBER | |
| Classification number | 230.2 |
| Edition number | 1 |
| 245 ## - TITLE STATEMENT | |
| Title | Srimad Bhagavad Gita: |
| Remainder of title | Encyclopedia of the Lord's Teachings to Humaity/ |
| Statement of responsibility, etc | Translated By Gayatri Shenoy |
| 250 ## - EDITION STATEMENT | |
| Edition statement | 1 |
| 260 ## - PUBLICATION, DISTRIBUTION, ETC. (IMPRINT) | |
| Place of publication, distribution, etc | Mumbai |
| Name of publisher, distributor, etc | Ritanjan Publications |
| Date of publication, distribution, etc | 2012 |
| 270 ## - ADDRESS | |
| City | Mumbai |
| Address | 2203, Rushabh J.B. Road, Sewri west |
| Postal code | 400015 |
| Telephone number | +91-22-24157080 |
| 300 ## - PHYSICAL DESCRIPTION | |
| Extent | xxx, 845p. |
| Dimensions | 25cm(hb) |
| 700 ## - ADDED ENTRY--PERSONAL NAME | |
| Personal name | Shenoy, Gayatri |
| Relator term | Translator |
| 9 (RLIN) | 86201 |
| 942 ## - ADDED ENTRY ELEMENTS (KOHA) | |
| Source of classification or shelving scheme | Dewey Decimal Classification |
| Item type | English Books |
| Call number suffix | SRI |
| Classification part | 230.2 |
| Withdrawn status | Lost status | Not for loan | Collection code | Home library | Current library | Date acquired | Source of acquisition | Cost, normal purchase price | Full call number | Barcode | Copy number | Cost, replacement price | Koha item type |
|---|---|---|---|---|---|---|---|---|---|---|---|---|---|
| Non-fiction | Bawana | Bawana | 02/01/2026 | Delivery of Books Act Division | 1000.00 | SRI 230.2 | EN-130926 | 1 | 1000.00 | English Books | |||
| Not For Loan | Non-fiction | D.B.Act.Division | D.B.Act.Division | 02/01/2026 | Delivery of Books Act Division | 1000.00 | SRI 230.2 | EN-130927 | 2 | 1000.00 | English Books |
